000 00332nam a2200133Ia 4500
005 20251222153641.0
008 251222s9999||||xx |||||||||||||| ||spa||
082 _a306.098.5/G59
100 _aGoldenberg, Sonia
245 0 _aReportaje al PerĂº AnĂ³nimo
250 _a1ra.ed.
264 _bTalleres Industriales S.A.
942 _cLIB
999 _c32726
_d32726